000 00433nam a2200145Ia 4500
008 221007s9999 xx 000 0 und d
041 _aeng
082 _bSUP
100 _aSupriya Sonkusare - 2k181173 & Prof. Priyanka Potdar - Guide
_9105073
245 2 _aA Study On Employee Engagement At Flex Pvt. Ltd.
260 _c2019
_bSavitribai Phule Pune University
_aPune
300 _a58p
_cHard Bound
440 _v1
906 _bGeneral
999 _c79973
_d79973